000 01540nam a2200313 i 4500
003 EG-GICUC
005 20260513193951.0
008 260513m20142015ua ||||fr|||| 00| 0 ara d
040 _a EG-GICUC
_bara
_c EG-GICUC
_d EG-GICUC
_erda
041 _aara
_hara
082 0 4 _221
_a343.263
_bم ح . ب
092 0 4 _221
099 _aLaw1 10 343.263 م ح . ب 1 ed - 2014
100 0 _aمحمد أحمد محمود
_eمؤلف.
245 1 2 _aالبراءة والإدانة في جريمة البلاغ الكاذب في ضوء آراء الفقهاء وأحكام القضاء :
_bما هية جريمة البلاغ الكاتب وتعريفها وأركانها - عقوبة الجريمة وبيانات حكم الإدانة وتعليمات النيابات - نماذج من صيغ دعاوي جريمة البلاغ ومذكرات الدفاع والدفوع /
_cتأليف دكتور محمد أحمد محمود.
250 _aالطبعة الأولبى
_b2014
264 1 _aالقاهرة :
_bشركة أل طلال للنشر والتوزيع،
_c2014.
300 _a104 صفحة ;
_c24 سم.
336 _2rda content
_atext
337 _2rda media
_aComputer
338 _2rda carrier
_aOnline Resource
504 _aيشتمل على إرجاعات ببليوجرافية.
546 _aالنص باللغة العربية
650 1 _aالقانون الجنائي
650 1 _aالبلاغ الكاذب
856 4 0 _uhttps://fll.law.cu.edu.eg/fulltext/bks/B10-12229.pdf
905 _a43
942 _2ddc
_n0
_cBK
_e21
999 _c76827
_d76827